Analytical mechanics : (Record no. 7312)

MARC details
000 -LEADER
fixed length control field 01535nac a22003611i 4500
003 - CONTROL NUMBER IDENTIFIER
control field EG-ScBUE
005 - DATE AND TIME OF LATEST TRANSACTION
control field 20250525120318.0
008 - FIXED-LENGTH DATA ELEMENTS--GENERAL INFORMATION
fixed length control field 090125s2006 e a f b 001 0 eng d
020 ## - INTERNATIONAL STANDARD BOOK NUMBER
International Standard Book Number 0198508026
020 ## - INTERNATIONAL STANDARD BOOK NUMBER
International Standard Book Number 9780198508021
035 ## - SYSTEM CONTROL NUMBER
System control number (OCoLC)ocm61761659
040 ## - CATALOGING SOURCE
Original cataloging agency EG-ScBUE
Language of cataloging eng
Description conventions rda
Transcribing agency EG-ScBUE
Modifying agency EG-ScBUE
041 1# - LANGUAGE CODE
Language code of text/sound track or separate title eng
Language code of original and/or intermediate translations of text ita
082 04 - DEWEY DECIMAL CLASSIFICATION NUMBER
Classification number 531.01515
Item number FAS
Edition number 22
100 1# - MAIN ENTRY--PERSONAL NAME
Personal name Fasano, A.
Fuller form of name (Antonio),
Relator term author.
245 10 - TITLE STATEMENT
Title Analytical mechanics :
Remainder of title an introduction /
Statement of responsibility, etc Antonio Fasano, University of Florence, Stefano Marmi, SNS, Pisa ; translated by Beatrice Pelloni, University of Reading.
264 #1 - PUBLICATION, DISTRIBUTION, ETC. (IMPRINT)
Place of publication, distribution, etc Oxford :
Name of publisher, distributor, etc Oxford University Press,
Date of publication, distribution, etc 2006.
300 ## - PHYSICAL DESCRIPTION
Extent xiii, 772 pages :
Other physical details illustrations ;
Dimensions 25 cm
336 ## - CONTENT TYPE
Source rdacontent
Content type term text
Content type code txt
337 ## - MEDIA TYPE
Media type term unmediated
Source rdamedia
Media type code n
338 ## - CARRIER TYPE
Carrier type term volume
Carrier type code nc
Source rdacarrier
500 ## - GENERAL NOTE
General note Series statement from jacket.
504 ## - BIBLIOGRAPHY, ETC. NOTE
Bibliography, etc Includes bibliographical references and index.<br/>
546 ## - LANGUAGE NOTE
Language note Text in English ; translated from the original Italian language.<br/>
650 #7 - SUBJECT ADDED ENTRY--TOPICAL TERM
Topical term or geographic name as entry element Mechanics, Analytic.
Source of heading or term BUEsh
655 ## - INDEX TERM--GENRE/FORM
Form subdivision Reading book
700 1# - ADDED ENTRY--PERSONAL NAME
Personal name Marmi, S.
Fuller form of name (Stefano),
Dates associated with a name 1963-
Relator term author.
700 1# - ADDED ENTRY--PERSONAL NAME
Personal name Pelloni, Beatrice,
Relator term translator.
856 41 - ELECTRONIC LOCATION AND ACCESS
Materials specified Table of contents only
Uniform Resource Identifier <a href="http://www.loc.gov/catdir/toc/ecip061/2005028822.html">http://www.loc.gov/catdir/toc/ecip061/2005028822.html</a>
856 41 - ELECTRONIC LOCATION AND ACCESS
Materials specified Publisher description
Uniform Resource Identifier <a href="http://www.loc.gov/catdir/enhancements/fy0637/2005028822-d.html">http://www.loc.gov/catdir/enhancements/fy0637/2005028822-d.html</a>
856 41 - ELECTRONIC LOCATION AND ACCESS
Materials specified Contributor biographical information
Uniform Resource Identifier <a href="http://www.loc.gov/catdir/enhancements/fy0724/2005028822-b.html">http://www.loc.gov/catdir/enhancements/fy0724/2005028822-b.html</a>
942 ## - ADDED ENTRY ELEMENTS (KOHA)
Koha item type Book - Borrowing
Source of classification or shelving scheme Dewey Decimal Classification
Holdings
Withdrawn status Lost status Source of classification or shelving scheme Damaged status Not for loan Collection code Home library Current library Shelving location Date acquired Source of acquisition Total Checkouts Full call number Barcode Date last seen Price effective from Koha item type Cost, normal purchase price Serial Enumeration / chronology
    Dewey Decimal Classification     Alahram Central Library Central Library First floor 21/01/2008     531.01515 FAS 000008795 15/07/2025 21/01/2008 Book - Borrowing    
    Dewey Decimal Classification     Alahram Central Library Central Library First floor 25/01/2009     531.01515 FAS 000015074 15/07/2025 25/01/2009 Book - Borrowing 551.80 6473